[Event "2nd Goa GM Open 2019"]
[Site "Goa"]
[Date "2019.06.22"]
[Round "6.10"]
[White "Venkatesh, M.R."]
[Black "Mitrabha, Guha"]
[Result "1/2-1/2"]
[WhiteElo "2490"]
[BlackElo "2341"]
[Annotator "ChessBase"]
[PlyCount "60"]
[EventDate "2019.06.17"]
[EventType "swiss"]
[EventCountry "IND"]
[SourceTitle "playchess.com"]
[Source "ChessBase"]
[SourceQuality "1"]
[TimeControl "5400+30"]

1. Nf3 {[%emt 0:03:13]} Nf6 {[%emt 0:00:00]} 2. g3 {[%emt 0:00:20]} d5 {[%emt 0:00:00]} 3. Bg2 c6 {[%emt 0:00:00]} 4. O-O {[%emt 0:01:07]} Bg4 {[%emt 0:00:04]} 5. d3 {[%emt 0:00:48]} Nbd7 {[%emt 0:00:05]} 6. Nbd2 {[%emt 0:00:08]} e5 {[%emt 0:00:15]} 7. e4 {[%emt 0:00:39]} Bd6 {[%emt 0:00:12]} 8. h3 {[%emt 0:03:09]} Bh5 {[%emt 0:01:09]} 9. Qe1 {[%emt 0:00:39]} O-O {[%emt 0:00:13]} 10. Nh4 {[%emt 0:00:20]} dxe4 {[%emt 0:00:39]} 11. dxe4 {[%emt 0:00:15]} Nc5 {[%emt 0:00:19]} 12. Nb3 {[%emt 0:19:21]} Ne6 {[%emt 0:00:34]} 13. Be3 {[%emt 0:01:08]} Re8 {[%emt 0:00:30]} 14. Nf5 {[%emt 0:06:09]} Bf8 {[%emt 0:01:12]} 15. f3 {[%emt 0:00:08]} Nd7 {[%emt 0:02:05]} 16. Qf2 {[%emt 0:09:54]} b6 {[%emt 0:00:37]} 17. Rfd1 {[%emt 0:00:18]} Qc7 {[%emt 0:00:37]} 18. Bf1 {[%emt 0:00:17]} a5 {[%emt 0:00:59]} 19. a4 {[%emt 0:00:41]} Nec5 {[%emt 0:01:44]} 20. Nd2 {[%emt 0:09:59]} Bg6 {[%emt 0:13:23]} 21. Nh4 {[%emt 0:08:46]} Rab8 {[%emt 0:05:38]} 22. Nc4 {[%emt 0:01:34]} Ne6 {[%emt 0:00:11]} 23. Nxg6 {[%emt 0:03:59]} hxg6 {[%emt 0:00:02]} 24. h4 {[%emt 0:01:02]} Bc5 {[%emt 0:00:18]} 25. c3 {[%emt 0:03:43]} Red8 {[%emt 0:09:41]} 26. Bh3 {[%emt 0:03:01]} Nef8 {[%emt 0:01:00]} 27. Bf1 {[%emt 0:06:26]} Ne6 {[%emt 0:00:19]} 28. Bh3 {[%emt 0:00:45]} Nef8 {[%emt 0:00:03]} 29. Bf1 {[%emt 0:00:21]} Ne6 {[%emt 0:00:30]} 30. Bh3 {[%emt 0:00:05]} Nef8 {[%emt 0:00:02]} 1/2-1/2

[Event "2nd Goa GM Open 2019"]
[Site "Goa"]
[Date "2019.06.22"]
[Round "6.11"]
[White "Rahman, Ziaur"]
[Black "Rathanvel, V S"]
[Result "1-0"]
[WhiteElo "2481"]
[BlackElo "2314"]
[Annotator "ChessBase"]
[PlyCount "61"]
[EventDate "2019.06.17"]
[EventType "swiss"]
[EventCountry "IND"]
[SourceTitle "playchess.com"]
[Source "ChessBase"]
[SourceQuality "1"]
[TimeControl "5400+30"]

1. d4 {[%emt 0:00:44]} Nf6 {[%emt 0:00:00]} 2. Bg5 {[%emt 0:00:09]} Ne4 {[%emt 0:00:00]} 3. Bf4 {[%emt 0:00:05]} c5 {[%emt 0:01:46]} 4. f3 {[%emt 0:00:14]} Qa5+ {[%emt 0:00:03]} 5. c3 {[%emt 0:00:06]} Nf6 {[%emt 0:00:07]} 6. d5 {[%emt 0:00:14]} Qb6 {[%emt 0:00:13]} 7. Bc1 {[%emt 0:00:29]} e6 {[%emt 0:00:12]} 8. e4 {[%emt 0:00:36]} exd5 {[%emt 0:00:07]} 9. exd5 {[%emt 0:00:21]} c4 {[%emt 0:15:58]} 10. Bxc4 {[%emt 0:03:33]} Bc5 {[%emt 0:00:06]} 11. Ne2 {[%emt 0:00:41]} O-O {[%emt 0:01:55]} 12. a4 {[%emt 0:12:46]} d6 {[%emt 0:13:21]} 13. Na3 {[%emt 0:05:44]} a5 {[%emt 0:05:19]} 14. Bb5 {[%emt 0:06:38]} Bd7 {[%emt 0:04:28]} 15. Nc4 {[%emt 0:07:56]} Qc7 {[%emt 0:02:02]} 16. Qd3 {[%emt 0:05:48]} Re8 {[%emt 0:08:31]} 17. Bg5 {[%emt 0:03:50]} Bxb5 {[%emt 0:01:12]} 18. axb5 {[%emt 0:00:12]} Nbd7 {[%emt 0:00:04]} 19. O-O-O {[%emt 0:01:46]} Nxd5 {[%emt 0:17:36]} 20. Qxd5 {[%emt 0:07:58]} Rxe2 {[%emt 0:00:26]} 21. Rhe1 {[%emt 0:04:21]} Rxe1 {[%emt 0:22:42]} 22. Rxe1 {[%emt 0:00:15]} Ne5 23. f4 {[%emt 0:08:54]} Ng6 {[%emt 0:00:09]} 24. h4 {[%emt 0:07:54]} Bf2 {[%emt 0:00:38]} 25. Re4 {[%emt 0:01:46]} Bxh4 {[%emt 0:01:01]} 26. Bxh4 Nxh4 {[%emt 0:00:06]} 27. f5 {[%emt 0:02:48]} g5 {[%emt 0:03:06]} 28. Nxd6 {[%emt 0:03:01]} Rf8 {[%emt 0:01:35]} 29. g3 {[%emt 0:01:47]} Nf3 {[%emt 0:00:24]} 30. f6 {[%emt 0:02:18]} Qb6 {[%emt 0:01:18]} 31. Rd4 {[%emt 0:01:45]} 1-0

[Event "2nd Goa GM Open 2019"]
[Site "Goa"]
[Date "2019.06.22"]
[Round "6.12"]
[White "Iturrizaga Bonelli, Eduardo"]
[Black "Nitin, S.."]
[Result "1-0"]
[WhiteElo "2637"]
[BlackElo "2398"]
[Annotator "TA"]
[PlyCount "67"]
[EventDate "2019.06.17"]
[EventType "swiss"]
[EventCountry "IND"]
[SourceTitle "playchess.com"]
[Source "ChessBase"]
[SourceQuality "1"]

{[%evp 14,67,48,41,49,41,65,60,60,60,64,54,74,71,85,74,77,69,91,86,94,94,92,81,96,79,87,79,125,97,110,90,153,99,104,104,83,74,82,36,47,68,118,106,326,243,333,339,334,326,533,530,507,515,472,468]} 1. c4 g6 2. d4 Nf6 3. Nc3 Bg7 4. e4 d6 5. Be2 O-O 6. Be3 Na6 7. Nf3 e5 8. O-O exd4 {E94: King's Indian: Classical: 6 Be2 e5 7 0-0: Various Black 7th moves} (8... c6 9. d5 Ng4 10. Bg5 f6 11. Bh4 c5 12. Ne1 Nh6 13. Nc2 Nf7 14. a3 b6 15. b4 Bd7 16. Rb1 Bh6 17. Bg4 Bg5 18. Bxd7 Qxd7 19. Bxg5 fxg5 20. Ne3 {1-0 (52) Korobov,A (2698)-Demchenko,A (2679) St Petersburg 2018}) 9. Nxd4 Re8 10. f3 Nc5 {White is slightly better.} 11. Qd2 a5 12. Ndb5 Bd7 13. Rad1 Qc8 $146 ({Predecessor:} 13... Bxb5 14. cxb5 Nfd7 15. Rfe1 Nb6 16. Qc2 Qe7 17. Bf1 a4 18. Nb1 {1-0 (41) Vrana,F (2253)-Batyte,D (2214) Austria 2017}) 14. Rfe1 Bc6 15. Bf1 b6 16. b3 Qb7 17. Nd4 Bd7 18. g3 Rad8 19. Ndb5 h5 20. Bg2 Nh7 21. h3 Qc8 22. g4 Be5 {[#]} (22... hxg4 $142 23. hxg4 Bxb5 24. cxb5 (24. Nxb5 Be5 $14) 24... Bxc3 25. Qxc3 Qe6) 23. Nd5 ({Better is} 23. gxh5 $1 gxh5 24. Re2) 23... Bxb5 24. cxb5 hxg4 25. hxg4 Nf6 26. Nc3 Qd7 27. g5 Nh5 28. Nd5 f5 $2 (28... Bg3 $16 {might work better.}) 29. f4 {Threatens to win with exf5.} Bg7 30. exf5 {[%mdl 64] [#] Overworked Piece} Qxf5 31. Nxc7 Qg4 $2 (31... Rxe3 32. Qxe3 Qxf4 33. Qxf4 Nxf4 34. Bd5+ Kh7) 32. Nxe8 $18 {White is clearly winning.} Rxe8 33. Qd5+ Kh7 34. Qf3 {Accuracy: White = 65%, Black = 28%.} 1-0

[Event "2nd Goa GM Open 2019"]
[Site "Goa"]
[Date "2019.06.22"]
[Round "6.13"]
[White "Akash G"]
[Black "Pantsulaia, Levan"]
[Result "*"]
[WhiteElo "2404"]
[BlackElo "2614"]
[Annotator "TA"]
[PlyCount "34"]
[EventDate "2019.06.17"]
[EventType "swiss"]
[EventCountry "IND"]
[SourceTitle "playchess.com"]
[Source "ChessBase"]
[SourceQuality "1"]

{[%evp 14,34,62,51,62,58,64,56,62,62,55,55,64,49,61,43,53,55,47,40,24,27,27]} 1. e4 c5 2. Nf3 e6 3. d4 cxd4 4. Nxd4 a6 5. c4 Nf6 6. Nc3 Qc7 7. a3 b6 8. Be3 Bb7 {B41: Sicilian: Kan Variation: 5 c4} 9. f3 d6 10. Be2 Be7 {White is slightly better.} 11. Rc1 O-O 12. O-O Rc8 13. Qd2 Nbd7 14. b4 Rab8 15. Kh1 Qd8 {[#]} 16. Nb3 $146 ({Predecessor:} 16. Rfd1 Ne5 17. Na4 Nfd7 18. Bf1 h5 19. Qf2 {½-½ (47) Kobalia,M (2623)-Artemiev,V (2671) St Petersburg 2015}) 16... Ne5 17. Na4 Bc6 {Accuracy: White = 63%, Black = 72%.} *

[Event "2nd Goa GM Open 2019"]
[Site "Goa"]
[Date "2019.06.22"]
[Round "6.14"]
[White "Aleksandrov, Aleksej"]
[Black "Bharath Subramaniyam H"]
[Result "1-0"]
[WhiteElo "2588"]
[BlackElo "2383"]
[Annotator "ChessBase"]
[PlyCount "49"]
[EventDate "2019.06.17"]
[EventType "swiss"]
[EventCountry "IND"]
[SourceTitle "playchess.com"]
[Source "ChessBase"]
[SourceQuality "1"]
[TimeControl "5400+30"]

1. d4 {[%emt 0:05:41]} Nf6 {[%emt 0:00:15]} 2. c4 {[%emt 0:00:05]} e6 {[%emt 0:00:10]} 3. Nc3 {[%emt 0:00:03]} c5 {[%emt 0:00:18]} 4. d5 {[%emt 0:00:02]} exd5 {[%emt 0:00:13]} 5. cxd5 {[%emt 0:00:02]} d6 {[%emt 0:00:09]} 6. Nf3 {[%emt 0:00:09]} g6 {[%emt 0:00:07]} 7. Bf4 {[%emt 0:00:02]} a6 {[%emt 0:01:05]} 8. a4 {[%emt 0:04:46]} Bg7 {[%emt 0:00:16]} 9. e3 {[%emt 0:00:37]} O-O {[%emt 0:01:27]} 10. Be2 {[%emt 0:00:10]} Bg4 {[%emt 0:07:24]} 11. O-O {[%emt 0:00:14]} Bxf3 {[%emt 0:00:46]} 12. Bxf3 {[%emt 0:00:04]} Qe7 {[%emt 0:00:59]} 13. Rb1 {[%emt 0:05:53]} Nbd7 {[%emt 0:04:08]} 14. Qd2 {[%emt 0:00:12]} Rfc8 {[%emt 0:10:59]} 15. Rfc1 {[%emt 0:00:00]} Rf8 {[%emt 0:00:00]} 16. Rf1 {[%emt 0:01:00]} Rfc8 {[%emt 0:01:00]} 17. Rfc1 {[%emt 0:00:43]} Ne8 {[%emt 0:02:43]} 18. a5 {[%emt 0:00:30]} g5 {[%emt 0:00:30]} 19. Bg3 {[%emt 0:00:30]} f5 {[%emt 0:00:30]} 20. Na4 {[%emt 0:00:30]} Nef6 {[%emt 0:00:30]} 21. b4 {[%emt 0:00:30]} cxb4 {[%emt 0:00:30]} 22. Qxb4 {[%emt 0:00:30]} Ne4 {[%emt 0:00:30]} 23. Be2 {[%emt 0:00:30]} Ne5 {[%emt 0:00:30]} 24. Qd2 {[%emt 0:12:13]} Rab8 {[%emt 0:38:17]} 25. Qb4 {[%emt 0:09:39]} 1-0

[Event "2nd Goa GM Open 2019"]
[Site "Goa"]
[Date "2019.06.22"]
[Round "6.15"]
[White "Gusain, Himal"]
[Black "Turov, Maxim"]
[Result "1-0"]
[WhiteElo "2404"]
[BlackElo "2579"]
[Annotator "ChessBase"]
[PlyCount "99"]
[EventDate "2019.06.17"]
[EventType "swiss"]
[EventCountry "IND"]
[SourceTitle "playchess.com"]
[Source "ChessBase"]
[SourceQuality "1"]
[TimeControl "5400+30"]

1. Nf3 {[%emt 0:00:00]} Nf6 {[%emt 0:00:53]} 2. c4 {[%emt 0:00:00]} e6 {[%emt 0:03:25]} 3. e3 {[%emt 0:01:04]} c5 {[%emt 0:02:06]} 4. b3 {[%emt 0:00:30]} Be7 {[%emt 0:03:54]} 5. Bb2 {[%emt 0:00:24]} O-O {[%emt 0:00:35]} 6. Be2 {[%emt 0:05:00]} b6 {[%emt 0:01:31]} 7. O-O {[%emt 0:00:15]} Bb7 {[%emt 0:00:04]} 8. Nc3 {[%emt 0:00:55]} d6 {[%emt 0:05:52]} 9. d4 {[%emt 0:01:39]} cxd4 {[%emt 0:00:49]} 10. Nxd4 {[%emt 0:00:19]} a6 {[%emt 0:00:39]} 11. Bf3 {[%emt 0:00:42]} Qc7 {[%emt 0:00:33]} 12. Bxb7 {[%emt 0:05:25]} Qxb7 {[%emt 0:02:34]} 13. Qe2 {[%emt 0:00:10]} Nbd7 {[%emt 0:00:56]} 14. e4 {[%emt 0:02:41]} Ne5 {[%emt 0:20:20]} 15. Rad1 {[%emt 0:01:20]} Rfd8 {[%emt 0:03:07]} 16. Rd2 {[%emt 0:03:15]} Ng6 {[%emt 0:04:51]} 17. g3 {[%emt 0:02:01]} Bf8 {[%emt 0:06:20]} 18. Rfd1 {[%emt 0:00:57]} Rab8 {[%emt 0:04:24]} 19. a4 {[%emt 0:04:16]} Rbc8 {[%emt 0:05:47]} 20. Nf3 {[%emt 0:01:36]} Be7 {[%emt 0:03:15]} 21. Ba3 {[%emt 0:02:49]} Ne8 {[%emt 0:04:02]} 22. h4 {[%emt 0:03:42]} h6 {[%emt 0:01:01]} 23. Qe3 {[%emt 0:05:47]} Bf6 {[%emt 0:06:03]} 24. Bxd6 {[%emt 0:02:01]} Nxd6 {[%emt 0:05:51]} 25. Rxd6 {[%emt 0:00:18]} Rxd6 {[%emt 0:00:19]} 26. Rxd6 {[%emt 0:00:07]} Qc7 {[%emt 0:00:31]} 27. Rd3 {[%emt 0:02:52]} Qc5 {[%emt 0:02:02]} 28. Qd2 {[%emt 0:02:46]} Qa3 {[%emt 0:05:42]} 29. Nd1 {[%emt 0:03:17]} Qc5 {[%emt 0:02:36]} 30. Qe2 {[%emt 0:02:07]} Bd8 {[%emt 0:02:04]} 31. Ne3 {[%emt 0:02:26]} Ne7 {[%emt 0:00:11]} 32. Nd4 {[%emt 0:00:47]} Bc7 {[%emt 0:00:58]} 33. Nf3 {[%emt 0:05:01]} Nc6 {[%emt 0:00:18]} 34. Kg2 {[%emt 0:01:09]} Nb4 {[%emt 0:01:31]} 35. Rd2 {[%emt 0:01:17]} Nc6 {[%emt 0:00:44]} 36. Nc2 {[%emt 0:01:23]} Bd6 {[%emt 0:00:46]} 37. Nfd4 {[%emt 0:01:55]} Nxd4 {[%emt 0:01:03]} 38. Nxd4 {[%emt 0:00:16]} Qc7 {[%emt 0:00:19]} 39. Nc2 {[%emt 0:02:03]} Bc5 {[%emt 0:00:09]} 40. Qd3 {[%emt 0:00:32]} Bf8 {[%emt 0:01:04]} 41. Qd7 {[%emt 0:01:30]} Qxd7 {[%emt 0:00:22]} 42. Rxd7 {[%emt 0:00:30]} b5 {[%emt 0:00:01]} 43. axb5 {[%emt 0:00:39]} axb5 {[%emt 0:00:04]} 44. Ne3 {[%emt 0:01:08]} Bc5 {[%emt 0:00:49]} 45. cxb5 {[%emt 0:00:05]} Rb8 {[%emt 0:01:13]} 46. Nc4 {[%emt 0:01:06]} Rxb5 {[%emt 0:00:07]} 47. Rd8+ {[%emt 0:00:33]} Kh7 {[%emt 0:00:04]} 48. Rd3 {[%emt 0:00:04]} g5 {[%emt 0:00:10]} 49. h5 {[%emt 0:01:15]} Kg7 {[%emt 0:00:45]} 50. f4 {[%emt 0:01:55]} 1-0

[Event "2nd Goa GM Open 2019"]
[Site "Goa"]
[Date "2019.06.22"]
[Round "6.16"]
[White "Paichadze, Luka"]
[Black "Nitish Belurkar"]
[Result "1-0"]
[WhiteElo "2557"]
[BlackElo "2353"]
[Annotator "ChessBase"]
[PlyCount "65"]
[EventDate "2019.06.17"]
[EventType "swiss"]
[EventCountry "IND"]
[SourceTitle "playchess.com"]
[Source "ChessBase"]
[SourceQuality "1"]
[TimeControl "5400+30"]

1. e4 {[%emt 0:04:40]} e6 {[%emt 0:00:00]} 2. d4 {[%emt 0:00:55]} d5 {[%emt 0:00:00]} 3. Nc3 {[%emt 0:01:20]} Nf6 {[%emt 0:00:10]} 4. Bg5 {[%emt 0:01:54]} Be7 {[%emt 0:00:10]} 5. e5 {[%emt 0:01:21]} Nfd7 {[%emt 0:00:09]} 6. h4 {[%emt 0:01:02]} c5 {[%emt 0:00:10]} 7. Bxe7 {[%emt 0:00:59]} Kxe7 {[%emt 0:00:09]} 8. Nf3 {[%emt 0:00:16]} Nc6 {[%emt 0:03:12]} 9. dxc5 {[%emt 0:03:25]} Ndxe5 {[%emt 0:03:47]} 10. Nxe5 {[%emt 0:01:16]} Nxe5 {[%emt 0:00:11]} 11. Qe2 {[%emt 0:03:13]} Nc6 {[%emt 0:03:39]} 12. O-O-O {[%emt 0:00:07]} Kf8 {[%emt 0:00:35]} 13. h5 {[%emt 0:03:12]} h6 {[%emt 0:02:28]} 14. f4 {[%emt 0:01:59]} Qa5 {[%emt 0:04:42]} 15. Qf2 {[%emt 0:02:20]} Bd7 {[%emt 0:17:47]} 16. Bb5 {[%emt 0:00:21]} a6 {[%emt 0:04:12]} 17. Bxc6 {[%emt 0:00:12]} bxc6 {[%emt 0:00:06]} 18. g4 {[%emt 0:04:24]} Rb8 {[%emt 0:13:01]} 19. a3 {[%emt 0:00:20]} Qc7 {[%emt 0:02:13]} 20. Rdf1 {[%emt 0:05:39]} Re8 {[%emt 0:04:25]} 21. g5 {[%emt 0:12:34]} Bc8 {[%emt 0:02:19]} 22. Qg2 {[%emt 0:11:09]} e5 {[%emt 0:03:30]} 23. Rhg1 {[%emt 0:01:03]} hxg5 {[%emt 0:01:57]} 24. Qxg5 {[%emt 0:00:33]} f6 {[%emt 0:00:14]} 25. fxe5 {[%emt 0:00:48]} Rxe5 {[%emt 0:05:12]} 26. Rxf6+ {[%emt 0:00:09]} Kg8 {[%emt 0:00:03]} 27. Qg6 {[%emt 0:11:29]} Rh6 {[%emt 0:00:33]} 28. Qxh6 {[%emt 0:00:09]} Re1+ {[%emt 0:00:06]} 29. Rxe1 {[%emt 0:00:04]} gxh6 {[%emt 0:00:04]} 30. Rg1+ {[%emt 0:00:19]} Kh7 {[%emt 0:00:07]} 31. Rgg6 {[%emt 0:00:06]} Bd7 {[%emt 0:02:04]} 32. Rf7+ {[%emt 0:01:38]} Kh8 {[%emt 0:00:05]} 33. Rgf6 {[%emt 0:00:17]} 1-0

[Event "2nd Goa GM Open 2019"]
[Site "Goa"]
[Date "2019.06.22"]
[Round "6.17"]
[White "Sahoo, Utkal Ranjan"]
[Black "Debashis, Das"]
[Result "0-1"]
[WhiteElo "2371"]
[BlackElo "2544"]
[Annotator "ChessBase"]
[PlyCount "55"]
[EventDate "2019.06.17"]
[EventType "swiss"]
[EventCountry "IND"]
[SourceTitle "playchess.com"]
[Source "ChessBase"]
[SourceQuality "1"]
[TimeControl "5400+30"]

1. d4 {[%emt 0:00:00]} Nf6 {[%emt 0:00:00]} 2. Bg5 {[%emt 0:00:00]} d5 {[%emt 0:00:00]} 3. Bxf6 {[%emt 0:00:19]} exf6 {[%emt 0:00:00]} 4. e3 {[%emt 0:00:10]} c5 {[%emt 0:00:00]} 5. Nc3 {[%emt 0:01:57]} Nc6 {[%emt 0:00:00]} 6. dxc5 {[%emt 0:02:58]} Be6 {[%emt 0:00:06]} 7. Qh5 {[%emt 0:09:10]} Bxc5 {[%emt 0:08:59]} 8. Bd3 {[%emt 0:06:28]} g6 {[%emt 0:02:26]} 9. Qh6 {[%emt 0:06:36]} d4 {[%emt 0:02:14]} 10. Ne4 {[%emt 0:06:44]} Qa5+ {[%emt 0:01:50]} 11. Kf1 {[%emt 0:00:30]} Be7 {[%emt 0:00:30]} 12. Nf3 {[%emt 0:00:30]} O-O-O {[%emt 0:00:30]} 13. Ke2 {[%emt 0:00:30]} Rhe8 {[%emt 0:00:30]} 14. Rhe1 {[%emt 0:00:30]} dxe3 {[%emt 0:00:30]} 15. fxe3 {[%emt 0:00:30]} Ne5 {[%emt 0:00:30]} 16. Nxe5 {[%emt 0:00:30]} Qxe5 {[%emt 0:00:30]} 17. Kf1 {[%emt 0:00:30]} f5 {[%emt 0:00:30]} 18. Nf2 {[%emt 0:00:30]} Bc5 {[%emt 0:00:30]} 19. Rec1 {[%emt 0:00:30]} Bd5 {[%emt 0:00:30]} 20. Qf4 {[%emt 0:00:30]} Qxb2 {[%emt 0:00:30]} 21. Rab1 {[%emt 0:00:30]} Qe5 {[%emt 0:00:30]} 22. Qxe5 {[%emt 0:00:30]} Rxe5 {[%emt 0:00:30]} 23. Rb5 {[%emt 0:00:30]} Bc6 {[%emt 0:00:30]} 24. Rb3 {[%emt 0:00:30]} f4 {[%emt 0:00:30]} 25. e4 {[%emt 0:00:30]} f5 {[%emt 0:00:30]} 26. exf5 {[%emt 0:00:30]} Bxg2+ {[%emt 0:00:30]} 27. Kxg2 {[%emt 0:00:30]} Re1 {[%emt 0:00:30]} 28. Rxe1 {[%emt 0:44:01]} 0-1

[Event "2nd Goa GM Open 2019"]
[Site "Goa"]
[Date "2019.06.22"]
[Round "6.18"]
[White "Tukhaev, Adam"]
[Black "Samant Aditya S"]
[Result "1-0"]
[WhiteElo "2527"]
[BlackElo "2342"]
[Annotator "ChessBase"]
[PlyCount "105"]
[EventDate "2019.06.17"]
[EventType "swiss"]
[EventCountry "IND"]
[SourceTitle "playchess.com"]
[Source "ChessBase"]
[SourceQuality "1"]
[TimeControl "5400+30"]

1. e4 {[%emt 0:01:49]} c5 {[%emt 0:00:00]} 2. Nf3 {[%emt 0:00:15]} d6 {[%emt 0:00:00]} 3. d4 {[%emt 0:00:16]} cxd4 {[%emt 0:00:00]} 4. Nxd4 {[%emt 0:00:06]} Nf6 {[%emt 0:00:00]} 5. Nc3 {[%emt 0:00:06]} Nc6 {[%emt 0:00:03]} 6. Bg5 {[%emt 0:00:37]} e6 {[%emt 0:00:06]} 7. Qd3 {[%emt 0:00:22]} a6 {[%emt 0:04:06]} 8. Nxc6 {[%emt 0:02:37]} bxc6 {[%emt 0:00:05]} 9. O-O-O {[%emt 0:00:04]} Qa5 {[%emt 0:09:03]} 10. Qg3 {[%emt 0:30:22]} h6 {[%emt 0:00:30]} 11. Bd2 {[%emt 0:00:30]} Qc7 {[%emt 0:00:30]} 12. Bc4 {[%emt 0:00:30]} Rb8 {[%emt 0:00:30]} 13. Bb3 {[%emt 0:00:30]} Nh5 {[%emt 0:00:30]} 14. Qd3 {[%emt 0:00:30]} Be7 {[%emt 0:00:30]} 15. f4 {[%emt 0:00:30]} Nf6 {[%emt 0:00:30]} 16. Rhg1 {[%emt 0:36:27]} Nd7 {[%emt 0:44:06]} 17. Qg3 {[%emt 0:03:37]} Bf8 {[%emt 0:13:26]} 18. Be3 {[%emt 0:03:20]} Qa5 {[%emt 0:06:36]} 19. f5 {[%emt 0:00:33]} e5 {[%emt 0:01:57]} 20. Qf2 {[%emt 0:00:10]} Be7 {[%emt 0:01:40]} 21. g4 {[%emt 0:00:10]} Nc5 {[%emt 0:03:30]} 22. g5 {[%emt 0:00:04]} Nxb3+ {[%emt 0:01:20]} 23. cxb3 {[%emt 0:00:21]} hxg5 {[%emt 0:00:20]} 24. Bxg5 {[%emt 0:00:04]} Bxg5+ {[%emt 0:04:02]} 25. Rxg5 {[%emt 0:00:05]} Qd8 {[%emt 0:00:25]} 26. Rxg7 {[%emt 0:00:45]} Qf6 {[%emt 0:00:57]} 27. Rg3 {[%emt 0:00:06]} Ke7 {[%emt 0:01:33]} 28. Qa7+ {[%emt 0:02:26]} Bd7 {[%emt 0:04:24]} 29. Rgd3 {[%emt 0:00:31]} Rbc8 {[%emt 0:01:43]} 30. Na4 {[%emt 0:02:24]} d5 {[%emt 0:01:54]} 31. Nb6 {[%emt 0:00:23]} Qd6 {[%emt 0:00:39]} 32. f6+ {[%emt 0:00:51]} Ke6 {[%emt 0:00:27]} 33. Nxc8 {[%emt 0:00:24]} Rxc8 {[%emt 0:00:05]} 34. Qe3 {[%emt 0:05:36]} Kxf6 {[%emt 0:00:37]} 35. Rf1+ {[%emt 0:00:44]} Ke7 {[%emt 0:00:36]} 36. Qg5+ {[%emt 0:00:07]} Ke8 {[%emt 0:00:31]} 37. Rxf7 {[%emt 0:02:19]} Qc5+ {[%emt 0:00:41]} 38. Rc3 {[%emt 0:00:32]} Qxc3+ {[%emt 0:00:37]} 39. bxc3 {[%emt 0:00:05]} Kxf7 {[%emt 0:00:06]} 40. Qxe5 {[%emt 0:00:10]} dxe4 {[%emt 0:00:26]} 41. Qxe4 {[%emt 0:00:08]} Be6 {[%emt 0:00:06]} 42. Qh7+ {[%emt 0:00:45]} Kf6 {[%emt 0:00:16]} 43. Qa7 {[%emt 0:00:21]} Rg8 {[%emt 0:00:12]} 44. Qxa6 {[%emt 0:00:15]} Rg1+ {[%emt 0:00:05]} 45. Kb2 {[%emt 0:00:03]} Rg2+ {[%emt 0:00:08]} 46. Ka3 {[%emt 0:00:03]} Rxh2 {[%emt 0:00:08]} 47. Qxc6 {[%emt 0:00:03]} Rh8 {[%emt 0:00:08]} 48. c4 {[%emt 0:00:05]} Rc8 {[%emt 0:00:04]} 49. Qb7 {[%emt 0:00:14]} Ke5 {[%emt 0:00:27]} 50. Kb4 {[%emt 0:00:05]} Kd6 {[%emt 0:00:05]} 51. a4 {[%emt 0:00:16]} Rc7 {[%emt 0:00:05]} 52. Qb6+ {[%emt 0:00:24]} Kd7 {[%emt 0:00:05]} 53. a5 {[%emt 0:00:16]} 1-0

[Event "2nd Goa GM Open 2019"]
[Site "Goa"]
[Date "2019.06.22"]
[Round "6.19"]
[White "Roy, Prantik"]
[Black "Burmakin, Vladimir"]
[Result "0-1"]
[WhiteElo "2365"]
[BlackElo "2526"]
[Annotator "ChessBase"]
[PlyCount "97"]
[EventDate "2019.06.17"]
[EventType "swiss"]
[EventCountry "IND"]
[SourceTitle "playchess.com"]
[Source "ChessBase"]
[SourceQuality "1"]
[TimeControl "5400+30"]

1. Nf3 {[%emt 0:00:00]} c6 {[%emt 0:00:00]} 2. c4 {[%emt 0:00:37]} Nf6 {[%emt 0:00:11]} 3. Nc3 {[%emt 0:00:21]} d5 {[%emt 0:00:07]} 4. e3 {[%emt 0:00:39]} e6 {[%emt 0:03:08]} 5. b3 {[%emt 0:03:04]} Bd6 {[%emt 0:03:49]} 6. Bb2 {[%emt 0:01:01]} O-O {[%emt 0:00:19]} 7. Qc2 {[%emt 0:00:54]} Nbd7 {[%emt 0:05:55]} 8. d4 {[%emt 0:03:22]} Qa5 {[%emt 0:09:44]} 9. Be2 {[%emt 0:08:44]} e5 {[%emt 0:01:20]} 10. O-O {[%emt 0:05:38]} exd4 {[%emt 0:03:06]} 11. exd4 {[%emt 0:00:32]} Re8 {[%emt 0:01:13]} 12. Bd3 {[%emt 0:04:42]} Nf8 {[%emt 0:02:34]} 13. Rae1 {[%emt 0:08:15]} Rxe1 {[%emt 0:03:22]} 14. Rxe1 {[%emt 0:00:06]} Bg4 {[%emt 0:00:12]} 15. Ne5 {[%emt 0:06:12]} Re8 {[%emt 0:00:18]} 16. h3 {[%emt 0:03:31]} Bc8 {[%emt 0:11:24]} 17. c5 {[%emt 0:06:07]} Bxe5 {[%emt 0:01:13]} 18. Rxe5 {[%emt 0:00:06]} Rxe5 {[%emt 0:00:20]} 19. dxe5 {[%emt 0:00:05]} N6d7 {[%emt 0:00:16]} 20. Na4 {[%emt 0:00:24]} Nxe5 {[%emt 0:03:51]} 21. Bf1 {[%emt 0:07:24]} Neg6 {[%emt 0:00:51]} 22. g3 {[%emt 0:00:39]} f6 {[%emt 0:04:16]} 23. Bc3 {[%emt 0:02:54]} Qd8 {[%emt 0:00:08]} 24. Qd1 {[%emt 0:04:20]} Qe7 {[%emt 0:01:31]} 25. b4 {[%emt 0:01:24]} Bf5 {[%emt 0:01:26]} 26. Nb2 {[%emt 0:00:57]} Ne5 {[%emt 0:04:17]} 27. Bg2 {[%emt 0:02:50]} Be4 {[%emt 0:08:57]} 28. f3 {[%emt 0:01:50]} Bg6 {[%emt 0:00:27]} 29. Qe2 {[%emt 0:02:09]} Kf7 {[%emt 0:01:03]} 30. Kf2 {[%emt 0:00:27]} Bb1 {[%emt 0:03:17]} 31. a3 {[%emt 0:03:10]} g5 {[%emt 0:02:55]} 32. Qd1 {[%emt 0:02:25]} Bg6 {[%emt 0:00:31]} 33. Qd2 {[%emt 0:03:11]} Ne6 {[%emt 0:01:16]} 34. Bf1 {[%emt 0:00:37]} Ng7 {[%emt 0:02:34]} 35. Nd1 {[%emt 0:02:19]} Qe6 {[%emt 0:03:40]} 36. g4 {[%emt 0:02:34]} h5 {[%emt 0:01:00]} 37. Ne3 {[%emt 0:00:09]} Qe7 {[%emt 0:01:36]} 38. Be2 {[%emt 0:01:16]} hxg4 {[%emt 0:04:25]} 39. hxg4 {[%emt 0:00:23]} Ne6 {[%emt 0:00:07]} 40. Ng2 {[%emt 0:01:03]} Qc7 {[%emt 0:00:26]} 41. Bb2 {[%emt 0:03:08]} Nd7 {[%emt 0:00:19]} 42. Qe3 {[%emt 0:05:05]} Qh2 {[%emt 0:00:28]} 43. Kf1 {[%emt 0:00:14]} Ne5 {[%emt 0:03:51]} 44. Bc3 {[%emt 0:00:55]} Bb1 {[%emt 0:01:46]} 45. Qd2 {[%emt 0:01:43]} Ng6 {[%emt 0:01:00]} 46. Bd1 {[%emt 0:02:21]} Nh4 {[%emt 0:04:38]} 47. Nxh4 {[%emt 0:01:04]} Qh1+ {[%emt 0:00:06]} 48. Kf2 {[%emt 0:00:57]} gxh4 {[%emt 0:01:39]} 49. Be2 {[%emt 0:02:02]} 0-1